Manual de gestión en tecnología
محفوظ في:
| المؤلف الرئيسي: | |
|---|---|
| التنسيق: | كتاب |
| اللغة: | الإسبانية |
| منشور في: |
Bogotá
McGraw Hill
1999
|
| الموضوعات: | |
| الوسوم: |
إضافة وسم
لا توجد وسوم, كن أول من يضع وسما على هذه التسجيلة!
|
MARC
| LEADER | 00000nam a2200000 a 4500 | ||
|---|---|---|---|
| 001 | UCO1098 | ||
| 003 | CL-VaPUC | ||
| 008 | 000505e19990000CK |||||||||||||||||spa|d | ||
| 082 | 0 | 4 | |a 658.401 |b GAY |2 21 |
| 100 | 0 | |a Gaynor, Gerard |e author |9 442908 | |
| 245 | 1 | 0 | |a Manual de gestión en tecnología |
| 300 | |a v | ||
| 942 | |c BK | ||
| 945 | |d 20000505 00:00:00 |a rbrito | ||
| 260 | |a Bogotá |b McGraw Hill |c 1999 | ||
| 650 | 0 | |a Gestión administrativa |9 375217 | |
| 650 | 0 | |a Administración |9 259325 | |
| 650 | 0 | |a Tecnología |9 256742 | |
| 583 | |a last modification |c 20000505 00:00:00 |k Rodrigo Vera | ||
| 999 | |c 287730 |d 287728 | ||
| 952 | |0 0 |1 0 |4 0 |6 658_401000000000000_GAY_1999 |7 0 |8 A |9 334696 |a BIBENE |b BIBENE |d 2019-11-20 |h v.1 |i 3615936 |o 658.401 GAY 1999 |p 3615936 |r 2025-01-15 |w 2019-11-20 |y BK |k ICO | ||
| 952 | |0 0 |1 0 |4 0 |6 658_401000000000000_GAY_1999 |7 0 |8 A |9 334697 |a BIBENE |b BIBENE |d 2019-11-20 |h v.2 |i 3615944 |o 658.401 GAY 1999 |p 3615944 |r 2025-01-15 |w 2019-11-20 |y BK |k ICO | ||